[Event "Brandenburg-ch Seniors 07th"]
[Site "Uckley"]
[Date "1999.??.??"]
[Round "2"]
[White "Kude, Klaus Peter"]
[Black "Feige, Erich"]
[Result "1-0"]
[WhiteElo "1692"]
[BlackElo "1681"]
[PlyCount "59"]
[EventDate "1999.06.??"]
[EventType "swiss"]
[EventRounds "7"]
[EventCountry "GER"]
[SourceTitle "EXT 2006"]
[Source "ChessBase"]
[SourceDate "2005.11.24"]
[SourceVersion "1"]
[SourceVersionDate "2005.11.24"]
[SourceQuality "1"]

1. e4 c5 2. c3 d6 3. d4 cxd4 4. cxd4 e6 5. Nf3 a6 6. Bd3 Be7 7. 0-0 Nf6 8. h3 0-0 9. Be3 Nc6 10. a3 Bd7 11. Nc3 b5 12. Qe2 Rb8 13. b4 h6 14. Nh2 Nh7 15. f4 e5 16. dxe5 dxe5 17. Nf3 Bf6 18. Nd5 Re8 19. Nxf6+ Nxf6 20. fxe5 Nxe5 21. Nxe5 Rxe5 22. Bf4 Qe7 23. Bxe5 Qxe5 24. Qf3 Be6 25. Rac1 Rd8 26. Rfd1 Re8 27. Bb1 Nh7 28. Rc5 Qb2 29. Qc3 Qe2 30. Re1 1-0